Authors by Picture #2 - Statistics

General Stats
  • This quiz has been taken 146 times
  • The average score is 7 of 14
Answer Stats
Picture Answer % Correct
Oscar Wilde
95%
Jane Austen
86%
Charles Dickens
82%
Franz Kafka
62%
George R.R. Martin
52%
Agatha Christie
51%
Toni Morrison
43%
Victor Hugo
36%
Kurt Vonnegut
34%
Walt Whitman
33%
Dan Brown
31%
Umberto Eco
22%
Günter Grass
18%
Aleksandr Solzhenitsyn
17%
No matching quizzes found
Score Distribution
Percent of People with Each Score
Percentile by Number Answered
Your Score History
You have not taken this quiz